[Event "Kohtla Jaerve Noorte CC"]
[Site "Kohtla Jaerve"]
[Date "2021.09.26"]
[Round "4"]
[White "Dukov, Vladimir"]
[Black "Roots, Lem Leonhard"]
[Result "1-0"]
[WhiteElo "1200"]
[BlackElo "1102"]
[PlyCount "47"]
[EventDate "2021.09.24"]
[EventType "swiss"]
[EventRounds "5"]
[EventCountry "EST"]
[SourceTitle "EXT 2023"]
[Source "ChessBase"]
[SourceDate "2022.10.05"]
[SourceVersion "1"]
[SourceVersionDate "2022.10.05"]
[SourceQuality "1"]

1. d4 Nf6 2. c4 e6 3. Nf3 d5 4. cxd5 exd5 5. Nc3 c5 6. Bg5 Be7 7. dxc5 0-0 8. g3 Bxc5 9. Bxf6 Qxf6 10. Bg2 Be6 11. 0-0 Nc6 12. Rc1 Rfd8 13. Ne1 Qg6 14. Nxd5 Bf8 15. e4 Nb4 16. Nc2 Nxd5 17. exd5 Rac8 18. Ne3 Bc5 19. Qb3 Bd7 20. Qxb7 Rb8 21. Qc7 Bd6 22. Qxa7 Rxb2 23. Nc4 Bb8 24. Qa5 1-0

[Event "Kohtla Jaerve Noorte CC"]
[Site "Kohtla Jaerve"]
[Date "2021.09.25"]
[Round "3"]
[White "Beljajeva, Diana"]
[Black "Dukov, Vladimir"]
[Result "0-1"]
[WhiteElo "1449"]
[BlackElo "1200"]
[PlyCount "98"]
[EventDate "2021.09.24"]
[EventType "swiss"]
[EventRounds "5"]
[EventCountry "EST"]
[SourceTitle "EXT 2023"]
[Source "ChessBase"]
[SourceDate "2022.10.05"]
[SourceVersion "1"]
[SourceVersionDate "2022.10.05"]
[SourceQuality "1"]

1. e4 c5 2. Nf3 d6 3. d4 cxd4 4. Nxd4 Nf6 5. Nc3 g6 6. Bc4 Bg7 7. f3 Nc6 8. Be3 Qb6 9. Bb5 0-0 10. Qd2 Nxd4 11. Bxd4 Qa5 12. 0-0-0 Be6 13. a3 a6 14. Bd3 b5 15. g4 b4 16. axb4 Qxb4 17. Ne2 Qa4 18. b3 Qa3+ 19. Bb2 Qxb2+ 20. Kxb2 Nxe4+ 21. Qc3 Nxc3 22. Nxc3 Rfc8 23. Bc4 Bxc4 24. bxc4 Rxc4 25. Rd3 Rb8+ 26. Kc1 Rxc3 27. Re1 Bh6+ 28. Kd1 Rxd3+ 29. cxd3 Rb1+ 30. Ke2 Rxe1+ 31. Kxe1 a5 32. Kd1 a4 33. Kc2 a3 34. Kb3 Bc1 35. d4 e5 36. dxe5 dxe5 37. h4 f5 38. gxf5 gxf5 39. h5 e4 40. fxe4 fxe4 41. h6 e3 42. Kc2 a2 43. Kxc1 a1Q+ 44. Kc2 e2 45. Kd3 e1Q 46. Kc4 Qed1 47. Kc5 Qc3+ 48. Kb5 Qb1+ 49. Ka4 Qca1# 0-1

[Event "Kohtla Jaerve Noorte CC"]
[Site "Kohtla Jaerve"]
[Date "2021.09.24"]
[Round "1"]
[White "Dukov, Vladimir"]
[Black "Rodin, Robert"]
[Result "1-0"]
[WhiteElo "1200"]
[BlackElo "1233"]
[PlyCount "45"]
[EventDate "2021.09.24"]
[EventType "swiss"]
[EventRounds "5"]
[EventCountry "EST"]
[SourceTitle "EXT 2023"]
[Source "ChessBase"]
[SourceDate "2022.10.05"]
[SourceVersion "1"]
[SourceVersionDate "2022.10.05"]
[SourceQuality "1"]

1. d4 d5 2. c4 dxc4 3. e3 e6 4. Bxc4 c5 5. Nf3 cxd4 6. 0-0 dxe3 7. Qxd8+ Kxd8 8. Bxe3 Bd6 9. Nc3 Bd7 10. Rad1 Ke7 11. Ne4 Bc7 12. Bc5+ Ke8 13. Bd6 Bxd6 14. Nxd6+ Ke7 15. Ne5 f6 16. Nef7 Nc6 17. Nxh8 Ne5 18. Nhf7 Nxc4 19. Nxc4 Rc8 20. Nfd6 Rc6 21. Rfe1 Nh6 22. a4 a6 23. b3 1-0